Central Library OPAC University of Rajshahi

Programming with Fortran 77 / (Record no. 55317)

MARC details
000 -LEADER
fixed length control field 00721nam a2200241 a 4500
001 - CONTROL NUMBER
control field 55317
003 - CONTROL NUMBER IDENTIFIER
rucl marc code BD-RjUL
005 - DATE AND TIME OF LATEST TRANSACTION
control field 20211209080240.0
008 - FIXED-LENGTH DATA ELEMENTS--GENERAL INFORMATION
fixed length control field 161116r19951986ii a 001 0 eng
020 ## - INTERNATIONAL STANDARD BOOK NUMBER
International Standard Book Number 0074518593
035 ## - SYSTEM CONTROL NUMBER
System control number (BD-RjUL)55439
040 ## - CATALOGING SOURCE
Original cataloging agency DLC
Transcribing agency DLC
Modifying agency DLC
-- BD-RjUL
Language of cataloging eng
041 ## - LANGUAGE CODE
Language code of text/sound track or separate title eng
082 00 - DEWEY DECIMAL CLASSIFICATION NUMBER
Classification number 005.133
Edition number 23
Author mark and year RAP 1995
100 ## - MAIN ENTRY--PERSONAL NAME
Personal name Kumar, Ram
9 (RLIN) 164809
245 00 - TITLE STATEMENT
Title Programming with Fortran 77 /
Statement of responsibility, etc. Ram Kumar
260 ## - PUBLICATION, DISTRIBUTION, ETC. (IMPRINT)
Place of publication, distribution, etc. New Delhi :
Name of publisher, distributor, etc. Tata mcGraw- Hill com ,
Date of publication, distribution, etc. c1986 [reprinted 1995]
300 ## - PHYSICAL DESCRIPTION
Pagination 386 p :
Illustrations ill. ;
Size 24 cm.
500 ## - GENERAL NOTE
General note Includes index.
650 #0 - SUBJECT ADDED ENTRY--TOPICAL TERM
Topical term or geographic name as entry element FORTRAN 77 (Computer program language)
9 (RLIN) 164810
942 ## - ADDED ENTRY ELEMENTS (KOHA)
Source of classification or shelving scheme Dewey Decimal Classification
Koha item type Books
Holdings
Lost status Source of classification or shelving scheme Damaged status Not for loan Collection code Permanent Location Current Location Shelving location Date acquired Source of acquisition Cost, normal purchase price Total Checkouts Full call number Date last seen Copy number Koha item type
  Dewey Decimal Classification     Non-fiction Central Library, University of Rajshahi Central Library, University of Rajshahi   09/07/1997 Syntcs Chittagong 6.95   005.133 RAP 1995 16/11/2016 C-2 Books